000 01048nam a22003497a 4500
003 CHAP
005 20220329143516.0
008 100315s1982 mx r 00010 spa d
010 _a97745
011 _a98717
020 _a8473672089
035 _a109402
040 _cCHAP
082 1 4 _a335.4
_bL62
100 1 _aLifschitz, Mijail
_966746
245 1 3 _aLa filosofía del arte en Karl Marx
_c/por Mijail Lifschitz
260 _aBarcelona :
_bFontamara,
_c1982
300 _a155 p.
490 0 _aColección logos
_v; 6
590 _aBATCH-UPD
_b10
_c20130110
_lUCH01
_h1147
590 _aBATCH-UPD
_b10
_c20130410
_lUCH01
_h0732
590 _aBATCH-UPD
_b10
_c20130914
_lUCH01
_h0412
590 _aCONVERSION
_b10
_c20130109
_lUCH01
_h1354
650 1 4 _aArte.
_97692
650 1 4 _aFilosofía.
_940890
650 1 4 _aLiteratura.
_967113
650 1 4 _aMarx, Karl
_y1818-1883.
_972727
830 0 _aColección logos
_v; 6
_924914
901 _aBK
942 _cLIBRO
949 _a335.4 L62
_bBC
_cLIBRO
_d33724002132545
_eLIBRO
_gI.c/e
_h112083
_i109402
_sb
999 _c97745
_d97745